LIBRARY & INFORMATION CENTRE, KCAET, TAVANUR

ONLINE PUBLIC ACCESS CATALOGUE (OPAC)

Objective fundamentals for professionals in extension education / (Record no. 13317)

MARC details
000 -LEADER
fixed length control field 00499cam a2200181ua 4500
041 ## - LANGUAGE CODE
Language code of text/sound track or separate title eng
082 ## - DEWEY DECIMAL CLASSIFICATION NUMBER
Classification number 380
Item number PAU/OB
100 ## - MAIN ENTRY--AUTHOR NAME
Personal name Paul, Narinder .
245 ## - TITLE STATEMENT
Title Objective fundamentals for professionals in extension education /
260 ## - PUBLICATION, DISTRIBUTION, ETC. (IMPRINT)
Place of publication Udaypur :
Name of publisher Agro-tech publishing academy ,
Year of publication 2007.
300 ## - PHYSICAL DESCRIPTION
Number of Pages 446 ; .
700 1# - ADDED ENTRY--PERSONAL NAME
Personal name Sharma, V P .
942 ## - ADDED ENTRY ELEMENTS (KOHA)
Koha item type Books
Holdings
Withdrawn status Lost status Damaged status Home library Current library Date acquired Full call number Accession Number Koha item type
      KAUAET KAUAET 07/04/2012 380 21610 Books
free website counter